00178nam a2200073Ia 4500008004100000100001700041245002400058260002200082190216s9999||||xx |||||||||||||| ||und|| aYogesan Nair 0aGadya Resathanthram bKerala Basha Inst